000 00599nam a2200193 i 4500
001 128515
003 ES-MaACL
005 20250719063313.0
007 t|
008 070516s1962 ag ||||1| spa d
080 _a891.1-311.4"19"
100 1 _aTagore, Rabindranath,
_d1861-1941
_9109071
245 1 0 _aGora /
_cpor Rabindranath Tagore ; [Traducción de Ana Mª de la Fuente].
260 _aBuenos Aires :
_bPlaza & Janés,
_c[1962]
300 _a493 p. ;
_c24 cm.
700 1 _aFuente, Ana María de la.
_952831
852 _aES-MaACL
_jC-20695
_bR.49422
999 _c128515
_d128515